000 00582nam a2200217Ia 4500
003 OSt
005 20220928144912.0
006 a|||||r|||| 00| 0
007 ta
008 220927b |||||||| |||| 00| 0 eng d
024 _a76815
037 _cTextual
040 _aSDCL
_cSDCL
_beng
041 _2eng
_aeng
082 _aX62:8.1'N9, NO
100 _aDecarmoy Herve
_9510273
245 0 _aGlobal banking strategy
_b Financial markets and industrial decay.
260 _c1990
942 _hX62:8.1'N9, NO
_cTEXL
_2CC
999 _c830333
_d830333